000 00930nam a2200265Ia 4500
003 OSt
005 20221005111435.0
006 a|||||r|||| 00| 0
007 ta
008 221004b |||||||| |||| 00| 0 hin d
020 _a9789388684132 (hbk)
_cINR 695.00
024 _a42521
037 _bGV795, 21/02/2019, Vani Prakashan
_cTextual
040 _aCRL
_cCRL
_bhin
041 _2hin
_ahin
082 _aY15z7, 152Q9
100 _aके. अजिता, संपा.
_9160936
245 0 _aस्त्री की दुनिया
246 _aStrī kī duniyā
260 _aनई दिल्ली
_bवाणी प्रकाशन भारत
_c2019
300 _a238पृ0
_ccm.
650 _aमहिला सशक्तिकरण
942 _hY15z7, 152Q9
_cTEXL
_2cc
999 _c1021841
_d1021841